| 000 | 01011nam a2200265Ia 4500 | ||
|---|---|---|---|
| 003 | IN-BaIIA | ||
| 008 | 211028s9999 xx 000 0 eng d | ||
| 020 | _a90-277-0246-2 | ||
| 040 | _cIIA Library | ||
| 080 |
_a082.2:52 _bIAU-S49 |
||
| 110 |
_aIntenational Astronomical Union _97665 |
||
| 111 |
_aIntenational Astronomical Union symposium _n49th _cArgentina _d1971 Aug. 9-14 _97666 |
||
| 245 | 0 |
_aWolf-rayet and high-temperature stars _bproceedings of the IAU Symposium no.49 held in Buenos Aires, Argentina, August 9-14, 1971 _cedited by M. K. V. Bappu and J. Sahade |
|
| 260 |
_aDordrecht _bD. Reidel Publishing _c1973 |
||
| 300 | _axiv, 263p. | ||
| 490 | _aIAU Symposium; no. 49 | ||
| 650 | _aAstronomy and Astrophysics Thesaurus | ||
| 650 |
_aCircumstellar envelopes _93685 |
||
| 650 |
_aHigh temperature stars _97667 |
||
| 650 |
_aWolf rayet stars _97146 |
||
| 700 |
_aBappu, M. K. V., ed. _97668 |
||
| 700 |
_aSahade, J., ed. _97669 |
||
| 710 |
_aIntenational Astronomical Union _97665 |
||
| 942 | _cBK | ||
| 999 |
_c4374 _d4374 |
||